000 00644nmc a2200253 a 4500
003 AR-X00000XY
005 20251128211947.0
008 317020sc199 ||||||||||||||000 | spa||
020 _a0-201-35147-1
040 _cAR-X00000XY
100 1 _aHojel, Barbara
245 1 0 _aMixed-up monday
260 _aNew York
_bAddison Wesley Longman
_cc1999
300 0 _a16 p.
_bil.
490 0 _aEnglish for me!
_vv. 5
650 4 _aINGLES
650 4 _aLITERATURA NORTEAMERICANA
650 4 _aCUENTO INFANTIL
655 _aLITERATURA
700 1 _aGuy, Ginger
700 1 _aDurrell, Julie
_eilustrador
942 _cBK
998 _cna-calidad
999 _c21809
_d21809